| 000 | 00480cam a2200169 4500 | ||
|---|---|---|---|
| 020 | _a0471744409 | ||
| 040 | _cwb | ||
| 082 | 0 | _a712 WIL 1969 A085 Or. | |
| 100 | 1 | _aRubenstein, Harvey M. | |
| 245 | 1 | 2 | _aA guide to site and environmental planning |
| 260 |
_aNew York, _bWiley _c[1969] |
||
| 300 |
_a190 p. _billus., maps (part col.), plans. _c29 cm. |
||
| 650 | 0 | _aLandscape architecture | |
| 650 | 0 | _aBuilding sites | |
| 650 | 0 | _aSite and environmental planning. | |
| 942 | _cEK | ||
| 999 |
_c13231 _d13231 |
||